Ponímanie znalostného manažmentu v malých podnikoch na Slovensku

Teoretické východiská znalostného manažmentu. Explicitné a tacitné znalosti. Analýza vnímania, poznania, uplatňovania motívov a prínosov znalostného manažmentu v malých podnikoch na Slovensku.

Saved in:
Bibliographic Details
Main Author: Jankelová, Nadežda, 1966-
Format: Book Chapter
Language:Slovak
Subjects:
Tags: Add Tag
No Tags, Be the first to tag this record!

MARC

LEADER 00000naa$a2200000$$$4500
001 0224751
005 20240502073700.4
041 0 |a slo 
044 |a SK 
245 1 0 |a Ponímanie znalostného manažmentu v malých podnikoch na Slovensku  |c Nadežda Jankelová 
520 |a Teoretické východiská znalostného manažmentu. Explicitné a tacitné znalosti. Analýza vnímania, poznania, uplatňovania motívov a prínosov znalostného manažmentu v malých podnikoch na Slovensku. 
610 2 0 |a manažment znalostný 
610 2 0 |a vedomosti 
610 2 0 |a podnik malý 
610 2 0 |a prieskum 
610 2 0 |a Slovensko 
100 1 |a Jankelová, Nadežda, 1966-